000
00315nam a2200133Ia 4500
005
20251222141933.0
008
251222s9999||||xx |||||||||||||| ||spa||
020
_a
84-7279-159-9
082
_a
249.8/B74
100
_a
BorrĂ¡s Betriu, Jaime
245
0
_a
De Hombre a Mujer
264
_b
Hogar del Libro
942
_c
LIB
999
_c
9083
_d
9083